| 000 | 00866cam a2200205 a 4500 | ||
|---|---|---|---|
| 020 | _a3487073986 | ||
| 040 | _c709 GOL 1983 C148 Or. | ||
| 082 | 0 | _a709 GOL 1983 C148 Or. | |
| 100 | 1 | _aTavernier, Ludwig. | |
| 245 | 1 | 4 |
_aDas Problem der Naturnachahmung in den kunstkritischen Schriften Charles Nicolas Cochins d. J. : _bein Beitrag zur Geschichte der französischen Kunsttheorie und Kunstkritik des 18. Jahrhunderts / |
| 246 | 3 | 0 | _aBeitrag zur Geschichte der französischen Kunsttheorie und Kunstkritik des 18. Jahrhunderts. |
| 260 |
_aHildesheim ; _aNew York : _bG. Olms, _c1983. |
||
| 300 |
_a139 p. ; _c21 cm. |
||
| 490 | 1 | _aStudien zur Kunstgeschichte ; | |
| 500 | _aSlight revision of the author's thesis (doctoral)--Universität München, 1982. | ||
| 650 | 0 | _aRealism in art. | |
| 650 | 0 | _aAesthetics, French | |
| 650 | 0 | _aArt criticism | |
| 942 | _cAEDBB | ||
| 999 |
_c18572 _d18572 |
||